Most dangerous countries - Statistics

General Stats
  • This quiz has been taken 156 times
  • The average score is 37 of 50
Answer Stats
GPI Continent Country % Correct
3.448 Asia Afghanistan
88%
2.800 Asia Iran
88%
3.142 Europe Russia
88%
3.294 Asia Syria
87%
3.214 Africa Democratic Republic of the Congo
86%
3.006 Asia Iraq
86%
2.314 Asia India
85%
2.745 Asia Pakistan
84%
3.350 Asia Yemen
83%
2.599 North America Mexico
82%
2.625 Africa Niger
82%
3.221 Africa South Sudan
82%
3.023 Africa Sudan
82%
3.043 Europe Ukraine
82%
2.706 Asia Israel
80%
2.605 Africa Libya
80%
2.462 South America Brazil
79%
2.693 South America Colombia
79%
2.713 Africa Nigeria
79%
3.036 Africa Somalia
79%
2.448 North America United States of America
79%
2.693 South America Venezuela
79%
2.699 Africa Chad
77%
2.405 Africa South Africa
77%
2.267 Africa Egypt
76%
2.395 North America Haiti
76%
2.848 Asia North Korea
76%
2.741 Asia Burma
75%
2.581 Asia Lebanon
74%
2.963 Africa Mali
73%
2.279 North America El Salvador
72%
2.872 Africa Ethiopia
72%
2.265 North America Honduras
72%
2.300 Africa Uganda
72%
2.934 Africa Central African Republic
70%
2.254 Africa Kenya
70%
2.294 North America Nicaragua
70%
2.660 Africa Cameroon
67%
2.248 Europe Belarus
66%
2.393 Africa Burundi
66%
2.505 Africa Eritrea
66%
2.228 Africa Mauritania
66%
2.300 Africa Zimbabwe
66%
2.868 Africa Burkina Faso
64%
2.359 Africa Guinea
64%
2.260 Asia Saudi Arabia
64%
2.229 Asia Philippines
63%
2.259 Africa Mozambique
62%
2.538 Asia Palestine
33%
2.800 Asia Turkiye
5%
No matching quizzes found
Score Distribution
Percent of People with Each Score
Percentile by Number Answered
Your Score History
You have not taken this quiz